Spell the Marvel Hero #20 - Statistics

General Stats
  • This quiz has been taken 19 times
  • The average score is 9 of 11
Answer Stats
Picture Answer % Correct
Human Torch
100%
Thor (Jane Foster)
100%
Okoye
94%
Ironheart
81%
Moon Knight
81%
Nova
81%
Kitty Pryde
75%
Outlaw
75%
Genis-Vell
69%
Magik
69%
Namorita
69%
No matching quizzes found
Score Distribution
Percent of People with Each Score
Percentile by Number Answered
Your Score History
You have not taken this quiz